[Event "China-Russia Match w 2015"]
[Site "Ningbo CHN"]
[Date "2015.07.15"]
[Round "1.1"]
[White "Gunina, Valentina"]
[Black "Tan, Zhongyi"]
[Result "1/2-1/2"]
[WhiteTitle "GM"]
[BlackTitle "WGM"]
[WhiteElo "2548"]
[BlackElo "2488"]
[WhiteTeam "Russia"]
[BlackTeam "China"]
[WhiteFideId "4167570"]
[BlackFideId "8603642"]
[EventDate "2015.07.15"]

1. d4 d5 2. c4 e6 3. Nf3 Nf6 4. Nc3 Bb4 5. Bg5 Nbd7 6. cxd5 exd5 7. e3 c5 8. Bd3
c4 9. Bf5 Nb6 10. Bxc8 Rxc8 11. O-O h6 12. Bh4 O-O 13. Ne5 Bxc3 14. bxc3 Qd6 15.
Bxf6 Qxf6 16. a4 Rc7 17. Qg4 Qe6 18. Qg3 Qd6 19. Rfb1 f6 20. Ng6 Qxg3 21. hxg3
Rd8 22. Rb5 Kf7 23. Nf4 Rcd7 24. g4 Nc8 25. Rab1 b6 26. a5 g5 27. Ne2 a6 28.
R5b2 b5 29. Ng3 Nd6 30. f3 Ne8 31. Kf2 Ng7 32. Rh1 Rh8 33. Re2 Kg6 34. e4 Ne6
35. exd5 Nf4 36. Re6 Nxe6 37. dxe6 Rd6 38. e7 Kf7 39. Nf5 Rd5 40. Re1 h5 41. Ng7
Kxg7 42. e8=Q Rxe8 43. Rxe8 hxg4 44. Re6 b4 45. cxb4 Rxd4 46. Rxa6 c3 47. Rc6
Rxb4 48. Rxc3 Ra4 1/2-1/2

[Event "China-Russia Match w 2015"]
[Site "Ningbo CHN"]
[Date "2015.07.15"]
[Round "1.2"]
[White "Kashlinskaya, Alina"]
[Black "Shen, Yang"]
[Result "1/2-1/2"]
[WhiteTitle "IM"]
[BlackTitle "IM"]
[WhiteElo "2432"]
[BlackElo "2465"]
[WhiteTeam "Russia"]
[BlackTeam "China"]
[WhiteFideId "4198026"]
[BlackFideId "8603162"]
[EventDate "2015.07.15"]

1. d4 d5 2. c4 c6 3. Nf3 Nf6 4. Nc3 e6 5. Bg5 h6 6. Bh4 g5 7. Bg3 Ne4 8. e3 Qa5
9. Qb3 Nd7 10. Bd3 f5 11. cxd5 exd5 12. Bxe4 fxe4 13. Nd2 Be7 14. O-O g4 15. f3
exf3 16. gxf3 Nf6 17. fxg4 Rg8 18. e4 Qb6 19. Qxb6 axb6 20. Rae1 Bxg4 21. exd5
Nxd5 22. Nxd5 cxd5 23. Re5 Rxa2 24. Rxd5 Rg5 25. Rxg5 hxg5 26. Re1 Kf8 27. Nc4
Bh3 28. Ne5 Bb4 29. Re2 Bc3 30. Ng6+ Kg8 31. Re8+ Kf7 32. Re7+ Kxg6 33. bxc3
Rg2+ 34. Kh1 Rc2 35. Kg1 Rg2+ 1/2-1/2

[Event "China-Russia Match w 2015"]
[Site "Ningbo CHN"]
[Date "2015.07.15"]
[Round "1.3"]
[White "Huang, Qian"]
[Black "Pogonina, Natalija"]
[Result "0-1"]
[WhiteTitle "WGM"]
[BlackTitle "WGM"]
[WhiteElo "2457"]
[BlackElo "2465"]
[WhiteTeam "China"]
[BlackTeam "Russia"]
[WhiteFideId "8602689"]
[BlackFideId "4147855"]
[EventDate "2015.07.15"]

1. d4 Nf6 2. c4 e6 3. Nc3 d5 4. Nf3 Be7 5. Bf4 O-O 6. e3 b6 7. cxd5 Nxd5 8. Nxd5
exd5 9. Bd3 c5 10. O-O Nc6 11. Rc1 c4 12. Bb1 b5 13. e4 Bg4 14. Qd2 Rc8 15. Ne5
Nxe5 16. Bxe5 Be6 17. Qe3 Qd7 18. Bg3 dxe4 19. Bxe4 Rfe8 20. d5 Bf5 21. Bxf5
Qxf5 22. Qxa7 Qxd5 23. Rcd1 Qc6 24. Qd7 Bf6 25. Qxc6 Rxc6 26. Rd2 b4 27. h3 h6
28. Rb1 Ra8 29. b3 c3 30. Rc2 Rca6 31. Ra1 Ra3 32. Bd6 Rxb3 33. axb3 Rxa1+ 34.
Kh2 Rb1 35. Bxb4 Be5+ 36. g3 Rb2 37. Rc1 Rxf2+ 38. Kg1 Bd4 39. Kh1 c2 40. Re1
Bb2 0-1

[Event "China-Russia Match w 2015"]
[Site "Ningbo CHN"]
[Date "2015.07.15"]
[Round "1.4"]
[White "Lei, Tingjie"]
[Black "Girya, Olga"]
[Result "1-0"]
[WhiteTitle "WGM"]
[BlackTitle "WGM"]
[WhiteElo "2450"]
[BlackElo "2486"]
[WhiteTeam "China"]
[BlackTeam "Russia"]
[WhiteFideId "8605114"]
[BlackFideId "4195752"]
[EventDate "2015.07.15"]

1. d4 d5 2. c4 c6 3. Nf3 Nf6 4. Nc3 dxc4 5. a4 Bf5 6. e3 e6 7. Bxc4 Nbd7 8. O-O
Bb4 9. Qe2 Bg6 10. e4 O-O 11. Bd3 Bh5 12. Bc2 e5 13. Qc4 Bd6 14. Nxe5 Nxe5 15.
dxe5 Bxe5 16. h3 Re8 17. f4 b5 18. axb5 Bd4+ 19. Kh1 cxb5 20. Qxb5 Rb8 21. Qa4
Bxc3 22. bxc3 Be2 23. Re1 Bb5 24. Qa2 Bc6 25. Qc4 Bb5 26. Qc5 a6 27. e5 Rc8 28.
Qf2 Nd7 29. Be3 Rxc3 30. Bd4 Rc7 31. f5 Nf8 32. Be4 Rd7 33. Bc3 Qg5 34. Re3 Red8
35. Kh2 Qh6 36. Rg3 Rc8 37. Bd4 Rxd4 38. Qxd4 Rc4 39. Qe3 Qxe3 40. Rxe3 1-0

[Event "China-Russia Match w 2015"]
[Site "Ningbo CHN"]
[Date "2015.07.15"]
[Round "1.5"]
[White "Ding, Yixin"]
[Black "Goryachkina, Aleksandra"]
[Result "0-1"]
[WhiteTitle "WGM"]
[BlackTitle "WGM"]
[WhiteElo "2439"]
[BlackElo "2486"]
[WhiteTeam "China"]
[BlackTeam "Russia"]
[WhiteFideId "8602972"]
[BlackFideId "4147103"]
[EventDate "2015.07.15"]

1. Nf3 Nf6 2. g3 b5 3. Bg2 Bb7 4. d4 e6 5. O-O Be7 6. Nbd2 O-O 7. c4 b4 8. b3 d6
9. Bb2 Nbd7 10. Re1 c5 11. e4 cxd4 12. Nxd4 Qb6 13. Nc2 Nc5 14. Qe2 Nfd7 15. Bd4
Bf6 16. Qe3 Bxd4 17. Qxd4 a5 18. Nf1 Rfd8 19. h3 a4 20. bxa4 Rxa4 21. Rab1 Ne5
22. Red1 h6 23. Rb2 Qa5 24. Rd2 Ba6 25. Na1 Nxc4 26. Nb3 Nxb3 27. axb3 e5 28.
Qa7 Nxb2 29. bxa4 Nc4 30. Rd1 Qxa4 31. Bf3 b3 32. Be2 b2 33. Re1 Rc8 34. Rb1 Qa2
35. Bd3 Qa3 36. Be2 g6 37. Kg2 Kg7 38. h4 h5 39. Kg1 Rc6 40. Kh2 Qa2 41. Bd3 Na3
42. Rxb2 Qxb2 43. Bxa6 Rxa6 44. Qxa6 Qxf2+ 45. Kh3 Nc2 0-1

[Event "China-Russia Match w 2015"]
[Site "Ningbo CHN"]
[Date "2015.07.16"]
[Round "2.1"]
[White "Girya, Olga"]
[Black "Tan, Zhongyi"]
[Result "1/2-1/2"]
[WhiteTitle "WGM"]
[BlackTitle "WGM"]
[WhiteElo "2486"]
[BlackElo "2488"]
[WhiteTeam "Russia"]
[BlackTeam "China"]
[WhiteFideId "4195752"]
[BlackFideId "8603642"]
[EventDate "2015.07.15"]

1. d4 Nf6 2. Nf3 e6 3. c4 Bb4+ 4. Bd2 c5 5. Bxb4 cxb4 6. e3 b6 7. a3 bxa3 8.
Nxa3 O-O 9. Nb5 a5 10. b4 Nc6 11. bxa5 Nxa5 12. Bd3 Bb7 13. O-O Ne4 14. Qc2 f5
15. Rfb1 Rc8 16. Na7 Ra8 17. Nb5 Rc8 18. Nd2 Nxd2 19. Qxd2 Nxc4 20. Bxc4 Rxc4
21. Nd6 Rc7 22. Rxb6 Rc1+ 23. Rxc1 Qxb6 24. Nxb7 Qxb7 25. h3 Rc8 26. Rxc8+ Qxc8
27. Qb2 Kf7 28. d5 Qc5 29. dxe6+ dxe6 30. h4 Qd5 31. Qc2 Kf6 1/2-1/2

[Event "China-Russia Match w 2015"]
[Site "Ningbo CHN"]
[Date "2015.07.16"]
[Round "2.2"]
[White "Shen, Yang"]
[Black "Gunina, Valentina"]
[Result "1-0"]
[WhiteTitle "IM"]
[BlackTitle "GM"]
[WhiteElo "2465"]
[BlackElo "2548"]
[WhiteTeam "China"]
[BlackTeam "Russia"]
[WhiteFideId "8603162"]
[BlackFideId "4167570"]
[EventDate "2015.07.15"]

1. d4 d5 2. Nf3 Nf6 3. c4 c6 4. e3 Bf5 5. Nc3 e6 6. Nh4 Bg6 7. Qb3 Qc7 8. Nxg6
hxg6 9. g3 Be7 10. Bg2 O-O 11. O-O Nbd7 12. Bd2 Nb6 13. cxd5 cxd5 14. Rfc1 Qd7
15. Bf1 Rfc8 16. Bb5 Qd6 17. Ne2 Ne4 18. Be1 e5 19. Kg2 Qe6 20. dxe5 Qxe5 21.
Nd4 Bf6 22. Be2 Nc4 23. Bxc4 dxc4 24. Rxc4 Rxc4 25. Qxc4 Ng5 26. Qb3 Qe7 27. Rd1
Qd7 28. h4 Ne4 29. f3 Nc5 30. Qc2 Rc8 31. Bf2 Na4 32. Qb3 Nc5 33. Qc2 Na4 34.
Qe2 Qd5 35. a3 Qa2 36. Qb5 Nb6 37. e4 Bxd4 38. Rxd4 Kh7 39. Rd2 Nc4 40. Re2 Qb1
41. Qxb7 Rd8 42. Qxf7 Qd3 43. Re1 Qb3 44. Kh3 Rd2 45. Bg1 Qb5 46. a4 Qxa4 47. h5
gxh5 48. Rc1 Nd6 49. Qxh5+ Kg8 50. Qg4 Qe8 51. Bxa7 Nf7 52. Rc7 Qe5 53. Rc8+ Kh7
54. Be3 Rxb2 55. Qh4+ Nh6 56. Bxh6 Qe6+ 57. g4 Qxh6 58. Qxh6+ Kxh6 59. Rc6+ Kg5
60. Kg3 Rb3 61. Rc5+ Kf6 62. Kf4 Ra3 63. g5+ Kg6 64. Kg4 Ra1 65. Rc6+ Kf7 66.
Kf5 Ra5+ 67. e5 Ra7 68. e6+ Ke7 69. f4 1-0

[Event "China-Russia Match w 2015"]
[Site "Ningbo CHN"]
[Date "2015.07.16"]
[Round "2.3"]
[White "Goryachkina, Aleksandra"]
[Black "Huang, Qian"]
[Result "1/2-1/2"]
[WhiteTitle "WGM"]
[BlackTitle "WGM"]
[WhiteElo "2486"]
[BlackElo "2457"]
[WhiteTeam "Russia"]
[BlackTeam "China"]
[WhiteFideId "4147103"]
[BlackFideId "8602689"]
[EventDate "2015.07.15"]

1. d4 d5 2. c4 c6 3. Nf3 Nf6 4. e3 Bf5 5. Nc3 e6 6. Nh4 Bg6 7. Nxg6 hxg6 8. Bd3
Nbd7 9. h3 Bd6 10. O-O O-O 11. Qb3 Rb8 12. cxd5 exd5 13. Bd2 Qe7 14. f3 b5 15.
a3 a5 16. Ne2 b4 17. axb4 Bxb4 18. Nc3 c5 19. Qc2 Rfc8 20. Rfe1 Qd6 21. Rad1
cxd4 22. exd4 Nf8 23. Be3 Ne6 24. Rc1 Qd7 25. Rf1 Ne8 26. Ba6 Rd8 27. Ne2 Nd6
28. Bf2 Qa7 29. Bd3 Qd7 30. Qc6 Qxc6 31. Rxc6 Nf5 32. g4 Ne7 33. Rc2 Rdc8 34.
Rxc8+ Rxc8 35. h4 Bd6 36. Ra1 Rb8 37. Rxa5 Rxb2 38. Ra8+ Rb8 39. Rxb8+ Bxb8 40.
Bb5 Nf4 41. Nxf4 Bxf4 42. Kf1 Kf8 43. Ke2 Nc8 44. Kd3 Ke7 45. Kc3 Na7 46. Ba4
Kd6 47. Be1 Nc6 48. Kd3 Kc7 49. Bb3 Kd6 50. Ba4 1/2-1/2

[Event "China-Russia Match w 2015"]
[Site "Ningbo CHN"]
[Date "2015.07.16"]
[Round "2.4"]
[White "Pogonina, Natalija"]
[Black "Lei, Tingjie"]
[Result "1/2-1/2"]
[WhiteTitle "WGM"]
[BlackTitle "WGM"]
[WhiteElo "2465"]
[BlackElo "2450"]
[WhiteTeam "Russia"]
[BlackTeam "China"]
[WhiteFideId "4147855"]
[BlackFideId "8605114"]
[EventDate "2015.07.15"]

1. e4 c5 2. Nf3 e6 3. d4 cxd4 4. Nxd4 Nc6 5. Nc3 Qc7 6. Be2 a6 7. O-O Nf6 8. Be3
Be7 9. f4 d6 10. Kh1 O-O 11. Qe1 Nxd4 12. Bxd4 b5 13. Qg3 Bb7 14. a3 Bc6 15.
Rae1 Qb7 16. Bd3 Rfd8 17. Qh3 h6 18. Qg3 b4 19. axb4 Qxb4 20. Ne2 Bb5 21. Bc3
Qc5 22. Nd4 Bxd3 23. cxd3 Qb6 24. Ra1 Rdc8 25. Ra4 Ne8 26. Rfa1 Bf6 27. h3 Kh8
28. Qf3 Nc7 29. Rb4 Qc5 30. Rc4 Qb6 31. e5 dxe5 32. fxe5 Bxe5 33. Qxf7 Rf8 34.
Qh5 Bf6 35. Rc6 Qb7 36. Qc5 Rf7 37. Nxe6 Nxe6 38. Rxe6 Rc8 39. Qe3 Bxc3 40. bxc3
Rxc3 41. Qd4 Rc6 42. Re8+ Kh7 43. Qd8 Qc7 44. Qxc7 Rfxc7 45. Ra8 Rd7 46. R8xa6
Rxa6 47. Rxa6 1/2-1/2

[Event "China-Russia Match w 2015"]
[Site "Ningbo CHN"]
[Date "2015.07.16"]
[Round "2.5"]
[White "Ding, Yixin"]
[Black "Kashlinskaya, Alina"]
[Result "0-1"]
[WhiteTitle "WGM"]
[BlackTitle "IM"]
[WhiteElo "2439"]
[BlackElo "2432"]
[WhiteTeam "China"]
[BlackTeam "Russia"]
[WhiteFideId "8602972"]
[BlackFideId "4198026"]
[EventDate "2015.07.15"]

1. e4 e6 2. d4 d5 3. Nc3 Bb4 4. exd5 exd5 5. Bd3 Nc6 6. Ne2 Nge7 7. O-O Bf5 8.
Bxf5 Nxf5 9. Nf4 Nce7 10. Re1 O-O 11. Qg4 Qd6 12. Bd2 Bxc3 13. Bxc3 Nh6 14. Qf3
c6 15. Nd3 a5 16. b4 a4 17. b5 Rfe8 18. Bb4 Qd8 19. b6 Nhf5 20. Bc5 Nd6 21. Bxd6
Qxd6 22. Nc5 Ng6 23. Qg3 Qf6 24. c3 h5 25. Nxb7 Nf4 26. Nc5 Qf5 27. b7 Rxe1+ 28.
Rxe1 Ne2+ 29. Kh1 Nxg3+ 30. hxg3 Rb8 31. Re7 Qxf2 32. Nxa4 Qxg3 33. Nc5 Qh4+ 0-1

[Event "China-Russia Match w 2015"]
[Site "Ningbo CHN"]
[Date "2015.07.20"]
[Round "5.1"]
[White "Kashlinskaya, Alina"]
[Black "Tan, Zhongyi"]
[Result "1/2-1/2"]
[WhiteTitle "IM"]
[BlackTitle "WGM"]
[WhiteElo "2432"]
[BlackElo "2488"]
[WhiteTeam "Russia"]
[BlackTeam "China"]
[WhiteFideId "4198026"]
[BlackFideId "8603642"]
[EventDate "2015.07.15"]

1. d4 d5 2. c4 e6 3. Nc3 Bb4 4. cxd5 exd5 5. Bf4 c5 6. dxc5 Nc6 7. e3 Nf6 8. Bd3
Bxc5 9. Nge2 O-O 10. O-O d4 11. exd4 Nxd4 12. Nxd4 Qxd4 13. Be3 Qe5 14. Bxc5
Qxc5 15. Qb3 Ng4 16. Qd5 Qb6 17. h3 Nf6 18. Qb5 Qxb5 19. Bxb5 Be6 20. Rfd1 Rfd8
21. Be2 Nd5 22. Bf3 Nxc3 23. bxc3 Rxd1+ 24. Rxd1 Rb8 25. Bxb7 Bxa2 26. Ra1 Rxb7
27. Rxa2 Rb1+ 28. Kh2 Rb7 29. Kg3 Rb3 30. Rxa7 Rxc3+ 1/2-1/2

[Event "China-Russia Match w 2015"]
[Site "Ningbo CHN"]
[Date "2015.07.20"]
[Round "5.2"]
[White "Pogonina, Natalija"]
[Black "Shen, Yang"]
[Result "0-1"]
[WhiteTitle "WGM"]
[BlackTitle "IM"]
[WhiteElo "2465"]
[BlackElo "2465"]
[WhiteTeam "Russia"]
[BlackTeam "China"]
[WhiteFideId "4147855"]
[BlackFideId "8603162"]
[EventDate "2015.07.15"]

1. d4 d5 2. c4 c6 3. e3 Nf6 4. Nc3 g6 5. Nf3 Bg7 6. Be2 O-O 7. O-O dxc4 8. Bxc4
Bg4 9. Be2 Nbd7 10. e4 Ne8 11. Bg5 Nb6 12. e5 Nc7 13. h3 Be6 14. Qc1 Bd5 15.
Nxd5 Nbxd5 16. Rd1 Ne6 17. Bh6 Qb6 18. Bxg7 Kxg7 19. Bc4 Rad8 20. Qd2 Rd7 21. a4
Rc8 22. a5 Qd8 23. b4 b6 24. Qb2 Rb8 25. Qa3 Ndc7 26. axb6 axb6 27. Qb3 b5 28.
Be2 Nxd4 29. Nxd4 Rxd4 30. Bf3 Ne6 31. Qc3 Qb6 32. Rac1 Rbd8 33. Rxd4 Qxd4 34.
Qe1 Qf4 35. Rxc6 Rd4 36. Bg4 Re4 37. Qa1 Nd4 38. g3 Qxe5 39. Rc1 h5 40. Bd1 Re1+
41. Kh2 Qe4 42. Bf3 Rxc1 0-1

[Event "China-Russia Match w 2015"]
[Site "Ningbo CHN"]
[Date "2015.07.20"]
[Round "5.3"]
[White "Huang, Qian"]
[Black "Girya, Olga"]
[Result "1/2-1/2"]
[WhiteTitle "WGM"]
[BlackTitle "WGM"]
[WhiteElo "2457"]
[BlackElo "2486"]
[WhiteTeam "China"]
[BlackTeam "Russia"]
[WhiteFideId "8602689"]
[BlackFideId "4195752"]
[EventDate "2015.07.15"]

1. c4 c6 2. Nf3 d5 3. Qc2 Nf6 4. g3 Bg4 5. Bg2 e6 6. O-O Be7 7. d4 Nbd7 8. Nbd2
O-O 9. h3 Bh5 10. Re1 Bg6 11. Qb3 Qb6 12. c5 Qc7 13. Nh4 e5 14. e3 Rfe8 15. Nxg6
hxg6 16. Qc3 e4 17. b4 g5 18. a4 g4 19. Nf1 gxh3 20. Bxh3 Nh7 21. Kg2 Ng5 22.
Nd2 Nxh3 23. Kxh3 Nf6 24. Kg2 g6 25. Ba3 Kg7 26. Rh1 Qd7 27. Qc2 Rh8 28. Rxh8
Rxh8 29. Rh1 Rxh1 30. Kxh1 Qf5 31. Kg1 Ng4 32. Nf1 Qf3 33. Bc1 f5 34. Nh2 Nxh2
35. Kxh2 g5 36. Qd2 Kg6 37. Qe1 Bf6 38. Qf1 Qg4 39. Bd2 Qh5+ 40. Kg2 Qf3+ 41.
Kh2 a6 42. Kg1 f4 43. gxf4 gxf4 44. Qg2+ Kf5 45. Qg8 Qd1+ 46. Kg2 Qf3+ 47. Kg1
Qg4+ 48. Qxg4+ Kxg4 49. Kg2 Bg7 50. Bc3 Bh6 51. Bd2 Bg5 52. Bc1 Bh4 53. Bd2 Bg5
54. Bc1 Bd8 55. a5 Bf6 56. Bb2 Bg5 57. Bc1 Bd8 58. Bd2 Bh4 59. Bc3 Kf5 60. Bd2
Ke6 61. Bc3 Kd7 62. Bd2 f3+ 63. Kg1 Kc8 64. Be1 Kb8 65. Kh2 Ka7 66. Kh3 Bd8 67.
Kg4 Kb8 68. Kf5 Bh4 69. Kg4 Bf6 70. Kf5 Bh4 71. Kg4 1/2-1/2

[Event "China-Russia Match w 2015"]
[Site "Ningbo CHN"]
[Date "2015.07.20"]
[Round "5.4"]
[White "Goryachkina, Aleksandra"]
[Black "Lei, Tingjie"]
[Result "0-1"]
[WhiteTitle "WGM"]
[BlackTitle "WGM"]
[WhiteElo "2486"]
[BlackElo "2450"]
[WhiteTeam "Russia"]
[BlackTeam "China"]
[WhiteFideId "4147103"]
[BlackFideId "8605114"]
[EventDate "2015.07.15"]

1. d4 Nf6 2. c4 g6 3. Nc3 d5 4. cxd5 Nxd5 5. e4 Nxc3 6. bxc3 Bg7 7. Be3 c5 8.
Qd2 cxd4 9. cxd4 Nc6 10. Rd1 O-O 11. d5 Qa5 12. Rc1 Rd8 13. Nf3 Qxd2+ 14. Bxd2
Nd4 15. Nxd4 Bxd4 16. Bc4 Bd7 17. Ke2 Rdc8 18. Bd3 e6 19. Be3 Bxe3 20. Kxe3 exd5
21. e5 a6 22. Kd4 Bb5 23. Rhd1 Kf8 24. Rxc8+ Rxc8 25. Bxb5 axb5 26. Rd3 Rc2 27.
Rf3 Ke8 28. a3 Rd2+ 29. Kc5 d4 30. Kxb5 Rc2 31. a4 Ke7 32. a5 Ke6 33. Rf6+ Kxe5
34. Rxf7 d3 35. Rd7 Ke4 36. Kb6 Rb2+ 37. Kc5 Rxf2 38. Re7+ Kf4 39. Rxb7 Rc2+ 40.
Kd5 d2 41. Rb4+ Ke3 42. Re4+ Kf2 43. Rd4 Ra2 44. a6 Ra5+ 0-1

[Event "China-Russia Match w 2015"]
[Site "Ningbo CHN"]
[Date "2015.07.20"]
[Round "5.5"]
[White "Ding, Yixin"]
[Black "Gunina, Valentina"]
[Result "1-0"]
[WhiteTitle "WGM"]
[BlackTitle "GM"]
[WhiteElo "2439"]
[BlackElo "2548"]
[WhiteTeam "China"]
[BlackTeam "Russia"]
[WhiteFideId "8602972"]
[BlackFideId "4167570"]
[EventDate "2015.07.15"]

1. e4 c6 2. d4 d5 3. Nc3 dxe4 4. Nxe4 Bf5 5. Ng3 Bg6 6. h4 h6 7. Nf3 Nd7 8. h5
Bh7 9. Bd3 Bxd3 10. Qxd3 e6 11. Bd2 Ngf6 12. O-O-O Be7 13. Kb1 O-O 14. Ne4 c5
15. g4 Nxg4 16. Rhg1 f5 17. Qc4 Qb6 18. dxc5 Qc6 19. Bc3 b5 20. Qe2 b4 21. Bxb4
Rab8 22. Bc3 e5 23. Rxd7 Qxd7 24. Qc4+ Kh7 25. Nxe5 Qc8 26. Ng6 Qc7 27. Qe6 Bxc5
28. Nxf8+ Rxf8 29. Qg6+ Kg8 30. Nxc5 Rf7 31. Ne6 1-0